Lettres par lesquelles aucun département ne commence - Statistiques

Statistiques générales
  • Ce quiz a été pris 20 591 fois
  • Le résultat moyen est 4 sur 6
Statistiques - réponses
Lettre % Correct
Z
91%
X
70%
W
68%
K
51%
Q
50%
U
41%
Aucun quiz correspondant
Distribution des résultats
% des personnes avec chaque résultat
Percentile par nombre de réponses
Votre historique - résultats
Vous n’avez pas pris ce quiz